Central Library OPAC University of Rajshahi
Normal view MARC view

Entry Topical Term

Number of records used in: 2

001 - CONTROL NUMBER

  • control field: 18350

003 - CONTROL NUMBER IDENTIFIER

  • control field: BD-RjUL

005 - DATE AND TIME OF LATEST TRANSACTION

  • control field: 20260505112344.0

008 - FIXED-LENGTH DATA ELEMENTS

  • fixed length control field: 260505|| aca||aabn | a|a d

040 ## - CATALOGING SOURCE

  • Original cataloging agency: BD-RjUL
  • Transcribing agency: BD-RjUL

150 ## - HEADING--TOPICAL TERM

  • Topical term or geographic name entry element: বাংলা সাহিত্য
  • General subdivision: গল্পসমূহ

670 ## - SOURCE DATA FOUND

  • Source citation: Work cat.: (BD-RjUL)86431: প্রজ্ঞা, যারীন গালিবা 18349, রাজকন্যা অপরাজিতা / , ২০২৪